00574nam a2200181 a 45000010005000000030009000050080041000140200015000550400028000700820021000982450094001192600035002133000010002484900026002586500030002846500040003146500038003543630CO-ViMGA141112s2004 ck r 000 u spa d a8475098134 aCO-ViMGAbspacCO-ViMGA04aMEVIECAR.42 M37610aLos metodos de investigación en las ciencias sociales / cFestinger Leon , Katz Daniel  aBarcelona : bPaidós, c1992 a590 p aPaidós básico, 4214aCIENCIA - Investigación14aCIENCIAS SOCIALES - Investigación14aMETODOLOGIA DE LA Investigación